| 000 | 00484nam a2200205Ia 4500 | ||
|---|---|---|---|
| 003 | OSt | ||
| 005 | 20140317135633.0 | ||
| 008 | 140130s9999 xx 000 0 und d | ||
| 020 | _a9780545202664 | ||
| 050 |
_aPZ 7 _b.D732 2010 |
||
| 100 | _aDougherty, Brandi | ||
| 245 |
_aMiss fortune / _cBrandi Dougherty. |
||
| 260 |
_bScholastic, _c2010. _aNew York : |
||
| 300 |
_a168 p. : _c19 cm. |
||
| 440 | _v1 | ||
| 521 | _aG5 | ||
| 526 | _c710 | ||
| 942 |
_cBK _2lcc |
||
| 999 |
_c41037 _d41037 |
||